LEADER 00984nam0-22002771i-450- 001 990001672550403321 005 20050525150622.0 035 $a000167255 035 $aFED01000167255 035 $a(Aleph)000167255FED01 035 $a000167255 100 $a20030910d1898----km-y0itay50------ba 101 0 $aita 200 1 $aRelazione della Sotto-Commissione incaricata dalla Commissione Censuaria di esaminare le tariffe d'estimo della provincia di Mantova$fMinistero delle Finanze 210 $aRoma$cTip. Elzeviriana$d1898 215 $a252 p.$d30 cm 610 0 $aImposte fondiarie 676 $a336.22 710 02$aItalia.$bMinistero delle finanze$0356818 801 0$aIT$bUNINA$gRICA$2UNIMARC 901 $aBK 912 $a990001672550403321 952 $a60 336.22 A 23$b18240$fFAGBC 959 $aFAGBC 996 $aRelazione della Sotto-Commissione incaricata dalla Commissione Censuaria di esaminare le tariffe d'estimo della provincia di Mantova$9370853 997 $aUNINA LEADER 01388nam a2200313 i 4500 001 991002801839707536 008 070910s2003 au 000 0 ger d 020 $a3700132484 035 $ab13582835-39ule_inst 040 $aBiblioteca Interfacoltà$bita 082 04$a491.51 100 1 $aSchmitt, Rüdiger$0392036 245 10$aMeno-logium bagistano-persepolitanum :$bStudien zu den altpersischen Monatsnamen und ihrer elamischen Wiedergaben /$cRüdiger Schmitt ; unter redaktioneller Mitarbeit von Velizar Sadovski 260 $aWien :$bVerlag der Österreichischen Akademie der Wissenschaften,$c2003 300 $a66 p. ;$c24 cm 440 0$aSitzungsberichte. Österreichische Akademie der Wissenschaften. Philosophisch-historische Klasse ;$v705 440 $aVeröffentlichungen zur Iranistik ;$v30 500 $aLiteraturverzeichnis: p. 9-14. 650 4$aMesi$vTerminologia persiana 650 4$aMesi$vTerminologia elamica 650 4$aLingua persiana antica$xLessico 650 4$aLingua elamica$xLessico 700 1 $aSadovski, Velizar 907 $a.b13582835$b02-04-14$c10-09-07 912 $a991002801839707536 945 $aLE002 Coll. 2. 226$g1$i2002000899200$lle002$oe$pE0.00$q-$rn$so $t0$u0$v0$w0$x0$y.i15452463$z30-10-12 996 $aMeno-logium bagistano-persepolitanum$91220044 997 $aUNISALENTO 998 $ale002$b10-09-07$cm$da $e-$fger$gau $h0$i0